000 00470nam a22001457a 4500
003 OSt
005 20250128104717.0
008 250128b |||||||| |||| 00| 0 eng d
040 _c0
082 _aDPer 370.15 J826 October-November 2023 v115 no. 7-8
245 _aJournal of educational psychology /
260 _aWashington ;
_bAmerican Psychological Association,
_cOctober-November 2023.
300 _avarious paging :
_billustration ;
_c28 cm.
942 _2ddc
_cPER
999 _c23367
_d23367